000 01298nam a2200193 4500
001 44868
090 _a44868
100 _a20250930 pory50
101 _apor
_aing
102 _aPT
200 _aNatural Killers
_fInternational Master Publishers
_gMMII Aquavision TV Productions
210 _a[S.l.]
_cInternational Master Publishers
_d2008
215 _a26 DVDs
225 _aNatural Killers
300 _aM/6 50 m+...
327 _a1.º v.:Em busca dos Tubarões ; 2.º v.:O desafio dos grandes Felinos ; 3.º v.:Tigres dos Pântanos ; 4.º v.:Viver com os Leões ; 5.º v.:O dia do Chacal ; 6.º:Na ilha prisão do Urso Polar ; 7.º v. :Uma vida com os Ursos ; 8.º v.:Os últimos Linces da Espanha ; 9.º :Babuíno dourado ; 10.º v.:O super felino do Calaári ; 11.º v ..:Hienas castanhas ; 12.º v.: Caracal ; 13.º Pinguins em alerta máximo ; 14.º v.:
_a14.º v.:O uivo dos Lobos ; 15.º v.: Central de tubarões ; 16.º v. Dingo amigo ou inimigo ? ; 17.º v. Zambeze a força da vida ; 18.º v. Na sombra do Tigre ; 19.º v.: Focas-Leopardo ; 20.º v.: O verdadeiro Clube de Combate ; 21.º v.:Puma ; 22.º v.: O Clube do Sete de África ; 23.º v. Glutão ; 24.º v.: Vespas 25.º O Lobo global ; 26.º v. Cães selvagens
675 _a574
801 _aPT
_gRPC
990 _cFILMES DVD